000 00649nam a22001937a 4500
999 _c18812
_d18812
003 AR-CdUCM
008 190515b ||||| |||| 00| 0 spa d
040 _aMUNICIPALIDAD PROVINCIAL DEL CUSCO
_cBIBLIOTECA MUNICIPAL DEL CUSCO
082 _a338.973 /
_bSL59
100 _aSlichter, Summer H
_939642
245 _aCrecimiento economico de los Estados Unidos /
260 _aMexico :
_bLibreros mexicanos unidos,
_c1965.
300 _a203 paginas ;
_c20 cm.
505 _aConcepto: Crecimiento de la economia de los Estados Unidos
650 _aEconomia
_9382
650 _aEstados Unidos
_91805
942 _2ddc
_cLIBROS
945 _apjha
_d2019-05-15